00695nam a2200241 a 4500001001300000003000900013005001700022008004100039020001000080082001300090100001900103245003900122260004800161300000900209500003500218505002400253650001900277700001900296902000800315942000700323952010600330999001700436nice12345678IN_TiNIC20260116015337.0100205s1948 grea grp 000 0 eng  ac10000a270bROP aRops, H Daniel aThe Church of Apostles and Martyrs aGreat Britain bLowe & Brydone Ltd., c1948 a596p aincludes index and biblioraphy2 aBibliography, Index aChurch History1 aRops, H Daniel bSRS cBK 001040708REFaHMIbHMIcREFd2010-02-05g100.00l0o270 ROPp11001736r2010-02-05w2026-01-16yBK c19315d19315